000 01654nam0a22003491 4500
001 v19\rc\1770003
005 20260406211139.0
035 _a(NLR Aleph) 004867856
090 _a5072752
_c5072752
100 _a20061204d1903 |||y0rusy50 ca
101 0 _arus
102 _aRU
105 _ay b |||||
200 1 _aКаталог книг Троицкосавской общественной библиотеки
210 _aИркутск
_d1903
215 _a[4], 166 с.
_d25
311 _aПервое прибавление..., 1906
311 _aВторое прибавление....-Троицкосавск, 1908
311 _aТретье прибавление....-Троицкосавск, 1911
421 0 _11010#$arus
_12001#$aПервое прибавление...
_1210##$d1906
_1215##$a[2], 56 с.
_tПервое прибавление...
421 0 _11010#$arus
_12001#$aВторое прибавление...
_1210##$aТроицкосавск$d1908
_1215##$a[4], 65 с.
_tВторое прибавление...
421 0 _11010#$arus
_12001#$aТретье прибавление...
_1210##$aТроицкосавск$d1911
_1215##$a57 с.
_1899##$aRuMoRGB$jR 31/114
_1899##$aБАН
_tТретье прибавление...
710 0 2 _aТроицкосавская общественная б-ка
_9432737
_3RU\NLR\AUTH\889968186
801 0 _aRU
_bNLR
_gpsbo
801 0 _aRU
_bRuMoRGB
_2psbo
801 1 _aRU
_bProSoft-M
_2rusmarc
852 _aNLR
_bБ
_j9420/Т-708
852 _aNLR
_bБ
_j5050Т708/К-29
899 _aRuMoRGB (прибавл. 3)
_jR 31/114
899 _aБАН (прибавл. 3)
942 _cBOOK
980 _aNB